| 000 | | | 05632cmc2a2200000#x 450 |
| 001 | | | 90a81ac0-4635-4139-99d2-98c1c89e9dc6 |
| 005 | | | 20190425140938.0 |
| 100 | ## | $a | 20150831l18281829k l0rusy0189 ca |
| 101 | 0# | $a | rus |
| 102 | ## | $a | RU |
| 200 | 1# | $a | Дело о застройке по высочайше конфирмованным планам и фасадам места у Чернышевского моста, принадлежащего Департаменту народного просвещения |
| | $j | 23 января 1828 г. - 23 августа 1829 г. |
| 251 | ## | $c | Дело |
| 300 | ## | $a | Дело |
| 300 | ## | $a | Оригинальный заголовок дела: Дело о застройке по высочайше конфирмованным планам и фасадам места у Чернышева моста, принадлежащего Департаменту народного просвещения. 23 января 1828 г. - 19 августа 1829 г. |
| 801 | #0 | $a | RU |
| | $b | РГИА |
| | $c | 20150831 |
| 801 | #1 | $a | RU |
| | $b | ГлавНИВЦ |
| | $c | 20150831 |
| | $2 | rusmarc |
| 801 | #2 | $a | RU |
| | $b | ПБ им. Б.Н. Ельцина |
| | $c | 20151215 |
| | $g | RCR |
| | $2 | rusmarc |
| 850 | ## | $a | Федеральное казенное учреждение "Российский государственный исторический архив" (РГИА) |
| 852 | ## | $a | РГИА |
| | $j | 122 |
| 937 | ## | $h | РГИА |
| | $d | 12092279 |
| | $a | ASBIBLIO_SCAN |
| 462 | #0 | $1 | 001a9fc4311-d96c-4d89-aedd-b49335c2f336 |
| | $1 | 2001 |
| | $a | Дела Хозяйственного отделения Департамента народного просвещения за 1824-1832 гг. |
| | $v | Д. 122 |
| | $1 | 251 |
| | $c | Опись |
| | $1 | 852 |
| | $j | 103 |
| 461 | #0 | $1 | 001a74412a3-3cc5-4d21-8f0a-dfe2fbd9e72d |
| | $1 | 2001 |
| | $a | Департамент народного просвещения Министерства народного просвещения |
| | $1 | 251 |
| | $c | Фонд |
| | $1 | 852 |
| | $j | 733 |
| 215 | ## | $a | 359 листов |
| | $d | 36,5х26 см |
| 371 | ## | $a | Документ не является опубликованным и широко распространяемым |
| 105 | ## | $a | y### |
| 122 | 2# | $a | d18280123## |
| | $a | d18290823## |
| 517 | 1# | $a | Дело о застройке по высочайше конфирмованным планам и фасадам места у Чернышева моста, принадлежащего Департаменту народного просвещения |
| | $e | 23 января 1828 г. - 19 августа 1829 г. |
| 035 | ## | $a | 90a81ac0-4635-4139-99d2-98c1c89e9dc6 |
| 617 | ## | $2 | prlib_sh |
| | $d | Санкт-Петербург, город |
| 686 | ## | $2 | rubbk |
| | $a | 63.3(2-2СПб)52ю1 |
| | $v | LBC/M |
| 607 | ## | $2 | prlib_sh |
| | $3 | LIBNET\UAF\0000023771 |
| | $a | Санкт-Петербург, город |
| | $j | Документы и материалы |
| | $x | Планировка и строительство |
| | $z | 19 в. |
| 607 | ## | $a | Санкт-Петербург, город |
| | $j | Документы и материалы |
| | $x | Здания и постройки |
| | $z | 19 в. |
| | $2 | prlib_sh |
| | $3 | LIBNET\UAF\0000023766 |
| 605 | ## | $2 | acquisition_Prlib |
| | $3 | DITM\AF\0000004675 |
| | $a | Территория |
| | $l | коллекция |
| 605 | ## | $a | Территория России: Санкт-Петербург, город |
| | $l | коллекция |
| | $2 | acquisition_Prlib |
| | $3 | LIBNET\UAF\0000039016 |